[Event "Stuttgart-chA int"]
[Site "Ditzingen"]
[Date "2016.05.06"]
[Round "3"]
[White "Jurasin, Marin"]
[Black "Schulte, Torsten"]
[Result "0-1"]
[WhiteElo "2039"]
[BlackElo "2139"]
[PlyCount "66"]
[EventDate "2016.05.05"]
[EventType "swiss"]
[EventRounds "7"]
[EventCountry "GER"]
[SourceTitle "EXT 2018"]
[Source "ChessBase"]
[SourceDate "2017.10.13"]
[SourceVersion "1"]
[SourceVersionDate "2017.10.13"]
[SourceQuality "1"]

1. Nf3 c5 2. c4 Nf6 3. g3 d5 4. cxd5 Nxd5 5. Nc3 Nc6 6. Bg2 Nc7 7. b3 e5 8. 0-0 Be7 9. Bb2 0-0 10. Rc1 f6 11. Na4 Ne6 12. d3 Bd7 13. Nd2 Rc8 14. Nc3 b6 15. Nd5 Re8 16. Nxe7+ Qxe7 17. Bc3 Ncd4 18. Ne4 Red8 19. Bd2 Bb5 20. Nc3 Be8 21. b4 Bh5 22. bxc5 Rxc5 23. f3 Rdc8 24. Kf2 Qd7 25. Qa4 Qxa4 26. Nxa4 Rc2 27. Rfd1 R8c7 28. Nc3 Rb2 29. Bf1 h6 30. a4 Nb3 31. Nb5 Rxc1 32. Bxc1 Rb1 33. Nxa7 Nec5 0-1

[Event "Deizisau op 10th"]
[Site "Deizisau"]
[Date "2015.11.01"]
[Round "4"]
[White "Jurasin, Marin"]
[Black "Gretz, Denis"]
[Result "0-1"]
[WhiteElo "2013"]
[BlackElo "2129"]
[PlyCount "60"]
[EventDate "2015.10.30"]
[EventType "swiss"]
[EventRounds "7"]
[EventCountry "GER"]
[SourceTitle "CBM 169 Extra"]
[Source "ChessBase"]
[SourceDate "2015.12.18"]
[SourceVersion "1"]
[SourceVersionDate "2015.12.18"]
[SourceQuality "1"]

1. Nf3 f5 2. d4 Nf6 3. c4 g6 4. Nc3 Bg7 5. g3 d6 6. Bg2 0-0 7. 0-0 Qe8 8. d5 a5 9. Re1 Na6 10. Nd4 Nc5 11. Ndb5 Qd8 12. Be3 e5 13. dxe6 Nxe6 14. Qd2 Ng4 15. Rad1 Kh8 16. Na4 f4 17. gxf4 Qh4 18. h3 Nxf4 19. Bxf4 Nxf2 20. e3 Nxd1 21. Rxd1 g5 22. Nxc7 gxf4 23. Nxa8 f3 24. Rf1 Qg5 25. h4 Qg6 26. Kh1 fxg2+ 27. Qxg2 Rxf1+ 28. Qxf1 b5 29. N4b6 Bb7+ 30. Kh2 Be5+ 0-1

[Event "Stuttgart-chA op"]
[Site "Ditzingen"]
[Date "2015.05.16"]
[Round "6"]
[White "Kuhlmann, Hans Peter"]
[Black "Jurasin, Marin"]
[Result "0-1"]
[WhiteElo "1910"]
[BlackElo "2021"]
[PlyCount "90"]
[EventDate "2015.05.14"]
[EventType "swiss"]
[EventRounds "7"]
[EventCountry "GER"]
[SourceTitle "EXT 2018"]
[Source "ChessBase"]
[SourceDate "2017.10.13"]
[SourceVersion "1"]
[SourceVersionDate "2017.10.13"]
[SourceQuality "1"]

1. c4 Nf6 2. Nf3 c5 3. g3 Nc6 4. Nc3 e5 5. Bg2 g6 6. 0-0 d6 7. d3 Bg7 8. b3 0-0 9. Bb2 Nd4 10. e3 Nxf3+ 11. Qxf3 Rb8 12. h3 b6 13. Rad1 Bb7 14. Qe2 d5 15. d4 exd4 16. exd4 Re8 17. Qd3 cxd4 18. Nb5 dxc4 19. Qxc4 Bxg2 20. Kxg2 Qe7 21. Nxd4 Rbc8 22. Qd3 Qe4+ 23. Qf3 Qxf3+ 24. Kxf3 Ne4 25. Ba1 f5 26. g4 Bxd4 27. Bxd4 Rc2 28. Rfe1 Ng5+ 29. Kg3 Rxe1 30. Rxe1 Rxa2 31. gxf5 gxf5 32. h4 Ne4+ 33. Kf4 Ra5 34. Rg1+ Kf8 35. f3 Nd6 36. Rg7 Rd5 37. Be5 Nf7 38. Bb2 h6 39. Rg6 Rb5 40. Ba3+ Ke8 41. Rg8+ Kd7 42. Rg7 Ke6 43. Rg6+ Kd5 44. Rf6 Rxb3 45. Rxf5+ Ke6 0-1

[Event "Stuttgart-chA op"]
[Site "Ditzingen"]
[Date "2015.05.14"]
[Round "1"]
[White "Jurasin, Marin"]
[Black "Kabisch, Thilo"]
[Result "0-1"]
[WhiteElo "2021"]
[BlackElo "2298"]
[PlyCount "54"]
[EventDate "2015.05.14"]
[EventType "swiss"]
[EventRounds "7"]
[EventCountry "GER"]
[SourceTitle "EXT 2018"]
[Source "ChessBase"]
[SourceDate "2017.10.13"]
[SourceVersion "1"]
[SourceVersionDate "2017.10.13"]
[SourceQuality "1"]

1. Nf3 d6 2. d4 Nf6 3. Nbd2 c5 4. e4 cxd4 5. Nxd4 g6 6. Bb5+ Nbd7 7. 0-0 Bg7 8. a4 0-0 9. c3 Nc5 10. Qe2 a6 11. Bc4 Bd7 12. a5 e5 13. Nc2 Bc6 14. f3 d5 15. exd5 Nxd5 16. Bxd5 Bxd5 17. Rd1 Qc7 18. Nc4 Rad8 19. N2e3 Be6 20. Rxd8 Rxd8 21. Nb6 Nb3 22. Rb1 Nxa5 23. Na4 Ba2 24. Ra1 Nb3 25. Rxa2 Nxc1 26. Qc2 Nxa2 27. b4 Nxb4 0-1

[Event "Stuttgart-chA int"]
[Site "Ditzingen"]
[Date "2013.05.11"]
[Round "5"]
[White "Jurasin, Marin"]
[Black "Schulz, Jens Peter"]
[Result "1-0"]
[WhiteElo "2034"]
[BlackElo "1839"]
[PlyCount "101"]
[EventDate "2013.05.09"]
[EventType "swiss"]
[EventRounds "7"]
[EventCountry "GER"]
[SourceTitle "EXT 2014"]
[Source "ChessBase"]
[SourceDate "2013.11.20"]
[SourceVersion "1"]
[SourceVersionDate "2013.11.20"]
[SourceQuality "1"]

1. c4 c5 2. Nc3 Nc6 3. g3 g6 4. Bg2 Bg7 5. e3 e5 6. Nge2 Nge7 7. Nd5 0-0 8. Nec3 d6 9. 0-0 Rb8 10. a3 a5 11. Rb1 Be6 12. d3 f5 13. Bd2 Bf7 14. b4 axb4 15. axb4 Nxd5 16. Nxd5 b6 17. Qa4 Ne7 18. Nc3 Qc7 19. Nb5 Qd7 20. Rfc1 d5 21. bxc5 bxc5 22. cxd5 Bxd5 23. Nc3 Bc6 24. Qc4+ Kh8 25. Bxc6 Nxc6 26. Na4 Rxb1 27. Rxb1 Re8 28. Nxc5 Qd6 29. Rb7 Re7 30. Rb6 Qc7 31. Na4 Nd8 32. Ba5 Qxc4 33. dxc4 Ra7 34. Rb8 Rxa5 35. Rxd8+ Bf8 36. Nb6 Kg7 37. Rd7+ Kh6 38. h4 Ra1+ 39. Kg2 Rc1 40. Nd5 Rxc4 41. Nf6 g5 42. Nxh7 Bg7 43. Nxg5 Bf6 44. Rd5 Kg6 45. Nf3 Re4 46. Nd2 Ra4 47. Rd6 Kf7 48. Rc6 Ra2 49. Nc4 Ke7 50. h5 Rc2 51. Nxe5 1-0

[Event "Stuttgart-chA int"]
[Site "Ditzingen"]
[Date "2013.05.11"]
[Round "6"]
[White "Wenner, Tobias"]
[Black "Jurasin, Marin"]
[Result "1-0"]
[WhiteElo "2111"]
[BlackElo "2034"]
[PlyCount "67"]
[EventDate "2013.05.09"]
[EventType "swiss"]
[EventRounds "7"]
[EventCountry "GER"]
[SourceTitle "EXT 2014"]
[Source "ChessBase"]
[SourceDate "2013.11.20"]
[SourceVersion "1"]
[SourceVersionDate "2013.11.20"]
[SourceQuality "1"]

1. Nf3 Nf6 2. c4 c5 3. Nc3 g6 4. d4 cxd4 5. Nxd4 Bg7 6. e4 d6 7. Be2 Nc6 8. Be3 0-0 9. 0-0 Bd7 10. Qd2 Rc8 11. f3 a6 12. Rac1 Nxd4 13. Bxd4 Qa5 14. Rfd1 Qh5 15. Bxf6 Bxf6 16. Nd5 Qe5 17. f4 Qe6 18. Nxf6+ exf6 19. Bf3 b5 20. Qxd6 Qxd6 21. Rxd6 Be6 22. c5 Bxa2 23. Rxa6 Bc4 24. b4 Rfe8 25. Rd1 Re6 26. Rxe6 Bxe6 27. e5 fxe5 28. fxe5 Kf8 29. Ra1 Rc7 30. Ra8+ Ke7 31. Rb8 Bc4 32. c6 Ke6 33. Rb7 Rc8 34. Bg4+ 1-0

[Event "Stuttgart-chA int"]
[Site "Ditzingen"]
[Date "2013.05.09"]
[Round "1"]
[White "Jurasin, Marin"]
[Black "Dgebuadze, Alexandre"]
[Result "0-1"]
[WhiteElo "2034"]
[BlackElo "2528"]
[PlyCount "100"]
[EventDate "2013.05.09"]
[EventType "swiss"]
[EventRounds "7"]
[EventCountry "GER"]
[SourceTitle "EXT 2014"]
[Source "ChessBase"]
[SourceDate "2013.11.20"]
[SourceVersion "1"]
[SourceVersionDate "2013.11.20"]
[SourceQuality "1"]

1. Nf3 Nf6 2. g3 d5 3. d4 c6 4. Bg2 Bg4 5. h3 Bh5 6. Nbd2 Nbd7 7. c4 e6 8. 0-0 Be7 9. a3 0-0 10. b4 a5 11. Rb1 Bg6 12. Rb2 axb4 13. axb4 h6 14. c5 Ne4 15. Nxe4 Bxe4 16. Qb3 Bf6 17. e3 b6 18. Bd2 Qc7 19. Ra2 Qb7 20. cxb6 Rxa2 21. Qxa2 Ra8 22. Qb2 Nxb6 23. Ra1 Nc4 24. Rxa8+ Qxa8 25. Qc1 Qa2 26. Bc3 Qe2 27. Ne1 Bxg2 28. Nxg2 g5 29. Ne1 Nd6 30. Qc2 Qc4 31. Qd3 Nb5 32. Bd2 Kf8 33. Qxc4 dxc4 34. Nc2 Ke7 35. Kg2 Kd6 36. Kf3 c3 37. Be1 Kd5 38. e4+ Kc4 39. e5 Be7 40. Ke4 Bxb4 41. Ne3+ Kb3 42. Kd3 Na3 43. Bxc3 Bxc3 44. Ng4 Nb5 45. Nxh6 Bxd4 46. Nxf7 c5 47. Nxg5 c4+ 48. Ke2 c3 49. Nf3 c2 50. Nd2+ Ka2 0-1

[Event "Zlatni Rat op 2nd"]
[Site "Bol"]
[Date "2011.09.16"]
[Round "8"]
[White "Jurasin, Marin"]
[Black "Schmitz, Manuela"]
[Result "0-1"]
[WhiteElo "2049"]
[BlackElo "2045"]
[PlyCount "48"]
[EventDate "2011.09.10"]
[EventType "swiss"]
[EventRounds "9"]
[EventCountry "CRO"]
[SourceTitle "CBM 144 Extra"]
[Source "ChessBase"]
[SourceDate "2011.10.28"]
[SourceVersion "1"]
[SourceVersionDate "2011.10.28"]
[SourceQuality "1"]

1. Nf3 Nf6 2. c4 e6 3. g3 d5 4. Bg2 Be7 5. 0-0 0-0 6. d4 b6 7. Nc3 Bb7 8. cxd5 exd5 9. Bf4 Nh5 10. Bd2 c5 11. Rc1 Nd7 12. a4 Rc8 13. Re1 Nhf6 14. Bh3 a6 15. Bf4 Ra8 16. Bg2 Rc8 17. Bh3 Ra8 18. Ne5 cxd4 19. Qxd4 Bc5 20. Qd3 Nxe5 21. Bxe5 d4 22. Bxf6 Qxf6 23. Nd1 Qh6 24. Rxc5 Qxh3 0-1

[Event "Zlatni Rat op 2nd"]
[Site "Bol"]
[Date "2011.09.12"]
[Round "4"]
[White "Saric, Kristina"]
[Black "Jurasin, Marin"]
[Result "1-0"]
[WhiteElo "2219"]
[BlackElo "2049"]
[PlyCount "83"]
[EventDate "2011.09.10"]
[EventType "swiss"]
[EventRounds "9"]
[EventCountry "CRO"]
[SourceTitle "CBM 144 Extra"]
[Source "ChessBase"]
[SourceDate "2011.10.28"]
[SourceVersion "1"]
[SourceVersionDate "2011.10.28"]
[SourceQuality "1"]

1. e4 g6 2. d4 Bg7 3. c4 c5 4. Nf3 cxd4 5. Nxd4 d6 6. Nc3 Nf6 7. Be2 0-0 8. Be3 Nc6 9. Qd2 Ng4 10. Bxg4 Bxg4 11. 0-0 Rc8 12. b3 a6 13. Rac1 Qa5 14. f3 Bd7 15. Rfd1 Rfe8 16. Nde2 Be6 17. Na4 Qxd2 18. Rxd2 f5 19. Nb6 Rcd8 20. exf5 Bxf5 21. a3 Na5 22. g4 Be6 23. Rb1 Bf7 24. Kg2 e6 25. Bd4 Rb8 26. h4 h6 27. Be3 Nc6 28. Rxd6 Rbd8 29. Rbd1 Rxd6 30. Rxd6 Ne5 31. Ng3 g5 32. Ne4 Ng6 33. Rd7 Re7 34. Rxe7 Nxe7 35. b4 Nc6 36. b5 axb5 37. cxb5 Nd8 38. a4 Be5 39. Nd7 Bf4 40. Bb6 Be8 41. Nef6+ Kf7 42. Bxd8 1-0

[Event "Zlatni Rat op 2nd"]
[Site "Bol"]
[Date "2011.09.11"]
[Round "3"]
[White "Jurasin, Marin"]
[Black "Barac, Josip"]
[Result "1-0"]
[WhiteElo "2049"]
[BlackElo "1677"]
[PlyCount "43"]
[EventDate "2011.09.10"]
[EventType "swiss"]
[EventRounds "9"]
[EventCountry "CRO"]
[SourceTitle "CBM 144 Extra"]
[Source "ChessBase"]
[SourceDate "2011.10.28"]
[SourceVersion "1"]
[SourceVersionDate "2011.10.28"]
[SourceQuality "1"]

1. Nf3 d5 2. g3 Nf6 3. Bg2 c6 4. b3 g6 5. Bb2 Bg7 6. d3 b5 7. Nbd2 0-0 8. 0-0 Nbd7 9. e4 dxe4 10. dxe4 Nc5 11. Re1 Qb6 12. e5 Nd5 13. Bd4 Bf5 14. g4 Bxg4 15. Ne4 Bxe5 16. Nxc5 Bxd4 17. Qxd4 Bc8 18. Nd3 Nf6 19. Qxb6 axb6 20. Nd4 e5 21. Nxc6 Be6 22. Ne7+ 1-0

[Event "Zlatni Rat op 2nd"]
[Site "Bol"]
[Date "2011.09.11"]
[Round "2"]
[White "Kozarcanin, Sead"]
[Black "Jurasin, Marin"]
[Result "1-0"]
[WhiteElo "2158"]
[BlackElo "2049"]
[PlyCount "59"]
[EventDate "2011.09.10"]
[EventType "swiss"]
[EventRounds "9"]
[EventCountry "CRO"]
[SourceTitle "CBM 144 Extra"]
[Source "ChessBase"]
[SourceDate "2011.10.28"]
[SourceVersion "1"]
[SourceVersionDate "2011.10.28"]
[SourceQuality "1"]

1. e4 g6 2. d4 Bg7 3. Ne2 c5 4. Be3 Qb6 5. b3 Nc6 6. c3 cxd4 7. Nxd4 Nxd4 8. Bxd4 Bxd4 9. Qxd4 Qxd4 10. cxd4 f5 11. e5 e6 12. Nd2 Ne7 13. Nc4 Nc6 14. Rd1 Ke7 15. Be2 b6 16. Nd6 a5 17. Bf3 a4 18. b4 Rb8 19. a3 Nd8 20. Rc1 Nf7 21. Nxf7 Kxf7 22. Rc7 Ke7 23. b5 g5 24. h3 h5 25. Kd2 Kd8 26. Ra7 d5 27. exd6 Bd7 28. Bc6 Rh7 29. Rc1 g4 30. d5 1-0

[Event "Stuttgart-chA int"]
[Site "Ditzingen"]
[Date "2009.05.23"]
[Round "5"]
[White "Jurasin, Marin"]
[Black "Fingerhut, Armin"]
[Result "1/2-1/2"]
[WhiteElo "2105"]
[BlackElo "1961"]
[PlyCount "54"]
[EventDate "2009.05.21"]
[EventType "swiss"]
[EventRounds "7"]
[EventCountry "GER"]
[SourceTitle "EXT 2018"]
[Source "ChessBase"]
[SourceDate "2017.10.13"]
[SourceVersion "1"]
[SourceVersionDate "2017.10.13"]
[SourceQuality "1"]

1. Nf3 d5 2. c4 e6 3. d4 Nf6 4. Bg5 Be7 5. Nc3 0-0 6. e3 h6 7. Bh4 b6 8. cxd5 Nxd5 9. Bxe7 Qxe7 10. Rc1 Bb7 11. Bc4 Nxc3 12. bxc3 c5 13. 0-0 Nc6 14. Qe2 Rfc8 15. e4 cxd4 16. cxd4 Na5 17. Bd3 Qa3 18. Rcd1 Rc7 19. h4 Rac8 20. g4 Qd6 21. Qe3 Nc4 22. Bxc4 Rxc4 23. Rd3 Rc2 24. Ra3 Bxe4 25. Rxa7 Bxf3 26. Qxf3 R2c7 27. Rxc7 Rxc7 1/2-1/2

[Event "Stuttgart-chA int"]
[Site "Ditzingen"]
[Date "2009.05.21"]
[Round "2"]
[White "Schlachetzki, Horst"]
[Black "Jurasin, Marin"]
[Result "0-1"]
[WhiteElo "1927"]
[BlackElo "2105"]
[PlyCount "60"]
[EventDate "2009.05.21"]
[EventType "swiss"]
[EventRounds "7"]
[EventCountry "GER"]
[SourceTitle "EXT 2018"]
[Source "ChessBase"]
[SourceDate "2017.10.13"]
[SourceVersion "1"]
[SourceVersionDate "2017.10.13"]
[SourceQuality "1"]

1. e4 g6 2. d4 Bg7 3. Nc3 d6 4. f4 Nf6 5. Nf3 0-0 6. Bd3 c5 7. dxc5 dxc5 8. 0-0 Nc6 9. Be3 b6 10. Kh1 Bb7 11. e5 Nd5 12. Nxd5 Qxd5 13. Be2 Qe4 14. Qc1 f6 15. Bd3 Qd5 16. b3 Kh8 17. Bc4 Qd7 18. e6 Qc7 19. f5 g5 20. c3 Rad8 21. Qc2 g4 22. Nh4 Ne5 23. Bf4 Qc6 24. Be2 Rg8 25. Bxe5 fxe5 26. Bxg4 Bf6 27. Bf3 e4 28. Ng6+ hxg6 29. fxg6 exf3 30. Rxf3 Qxe6 0-1

[Event "Neckar op-A 12th"]
[Site "Deizisau"]
[Date "2008.03.20"]
[Round "1"]
[White "Jaracz, Pawel"]
[Black "Jurasin, Marin"]
[Result "1-0"]
[WhiteElo "2527"]
[BlackElo "2114"]
[PlyCount "71"]
[EventDate "2008.03.20"]
[EventType "swiss"]
[EventRounds "9"]
[EventCountry "GER"]
[SourceTitle "CBM 123 Extra"]
[Source "ChessBase"]
[SourceDate "2008.05.06"]
[SourceVersion "1"]
[SourceVersionDate "2008.05.06"]
[SourceQuality "1"]

1. e4 g6 2. d4 Bg7 3. Nc3 d6 4. Nf3 Bg4 5. Be3 Nd7 6. h3 Bxf3 7. Qxf3 c5 8. 0-0-0 cxd4 9. Bxd4 Ngf6 10. g4 0-0 11. Be2 Qa5 12. h4 Ne5 13. Qh3 Rfc8 14. Kb1 Nc6 15. Bxf6 Bxf6 16. Nd5 Bg7 17. c3 e6 18. Nf4 Qe5 19. Qe3 Na5 20. f3 Rc6 21. Nd3 Qf6 22. g5 Qe7 23. Nb4 Rb6 24. f4 Rc8 25. f5 Nc4 26. Bxc4 Rxc4 27. f6 Bxf6 28. gxf6 Qxf6 29. h5 Qe5 30. hxg6 hxg6 31. Rde1 Kf8 32. Ka1 Ke7 33. Rh7 Rc8 34. Qf2 Qf6 35. Nd5+ exd5 36. exd5+ 1-0

[Event "Staufer op 20th"]
[Site "Schwaebisch Gmuend"]
[Date "2008.01.05"]
[Round "7"]
[White "Jurasin, Marin"]
[Black "Hankel, Dennis"]
[Result "1-0"]
[WhiteElo "2114"]
[BlackElo "2208"]
[PlyCount "111"]
[EventDate "2008.01.02"]
[EventType "swiss"]
[EventRounds "9"]
[EventCountry "GER"]
[SourceTitle "CBM 122 Extra"]
[Source "ChessBase"]
[SourceDate "2008.03.04"]
[SourceVersion "1"]
[SourceVersionDate "2008.03.04"]
[SourceQuality "1"]

1. d4 Nf6 2. c4 c5 3. d5 e6 4. Nc3 exd5 5. cxd5 d6 6. e4 g6 7. Nf3 Bg7 8. Bf4 0-0 9. Nd2 Ne8 10. Be2 f5 11. exf5 Bxf5 12. 0-0 Na6 13. Bxa6 bxa6 14. Nc4 Rb8 15. Qd2 Rb4 16. b3 Qf6 17. Rac1 Qd4 18. Rfe1 Bd7 19. Be3 Qxd2 20. Bxd2 Bd4 21. Ne4 Rb8 22. Bc3 Rf5 23. Bxd4 cxd4 24. Nexd6 Nxd6 25. Nxd6 Rxd5 26. Ne4 Kg7 27. f3 Re8 28. Kf2 Bf5 29. Rc7+ Kh6 30. h4 Bxe4 31. fxe4 Ra5 32. a4 Rae5 33. g4 Rxe4 34. g5+ Kh5 35. Rxh7+ Kg4 36. Rg1+ Kf4 37. Rf7+ Ke5 38. Rxa7 Rf8+ 39. Kg3 Re3+ 40. Kg2 d3 41. Re7+ Kd4 42. Rxe3 Kxe3 43. Re1+ Kd2 44. Re6 Kc2 45. Rxg6 Rd8 46. Rf6 d2 47. Rf2 Kc1 48. Rf1+ d1Q 49. Rxd1+ Kxd1 50. Kf3 Kd2 51. h5 Rd4 52. g6 Rh4 53. g7 Rxh5 54. g8Q Rc5 55. b4 Rc3+ 56. Kf2 1-0

[Event "Staufer op 20th"]
[Site "Schwaebisch Gmuend"]
[Date "2008.01.04"]
[Round "5"]
[White "Jurasin, Marin"]
[Black "Braun, Peter"]
[Result "0-1"]
[WhiteElo "2114"]
[BlackElo "2293"]
[PlyCount "60"]
[EventDate "2008.01.02"]
[EventType "swiss"]
[EventRounds "9"]
[EventCountry "GER"]
[SourceTitle "CBM 122 Extra"]
[Source "ChessBase"]
[SourceDate "2008.03.04"]
[SourceVersion "1"]
[SourceVersionDate "2008.03.04"]
[SourceQuality "1"]

1. d4 Nf6 2. c4 e6 3. Nc3 Bb4 4. Qb3 c5 5. e3 b6 6. Nf3 Bb7 7. Be2 Ne4 8. 0-0 Bxc3 9. bxc3 d6 10. Ne1 f5 11. Nd3 Qe7 12. a4 Nc6 13. f3 Na5 14. Qc2 Nf6 15. Nb2 0-0 16. Bd2 Rac8 17. Bd3 Nd7 18. Rae1 Ba6 19. e4 fxe4 20. Rxe4 Nf6 21. Rh4 h6 22. Re1 Qd7 23. d5 Rce8 24. Rxe6 Rxe6 25. Bf5 Nxd5 26. cxd5 Rxf5 27. dxe6 Qxe6 28. Rg4 Rf8 29. Rg6 Rf6 30. Rg4 Qxg4 0-1

[Event "Stuttgart-chA int"]
[Site "Gerlingen"]
[Date "2007.05.18"]
[Round "3"]
[White "Rautenberg, Uwe"]
[Black "Jurasin, Marin"]
[Result "0-1"]
[WhiteElo "1972"]
[BlackElo "2131"]
[PlyCount "93"]
[EventDate "2007.05.17"]
[EventType "swiss"]
[EventRounds "7"]
[EventCountry "GER"]
[SourceTitle "EXT 2018"]
[Source "ChessBase"]
[SourceDate "2017.10.13"]
[SourceVersion "1"]
[SourceVersionDate "2017.10.13"]
[SourceQuality "1"]

1. Nf3 Nf6 2. g3 d5 3. Bg2 Nbd7 4. 0-0 e5 5. d3 Bd6 6. Nbd2 0-0 7. e4 c6 8. c3 a5 9. a4 b6 10. Re1 Ba6 11. Nf1 dxe4 12. dxe4 Nc5 13. Bg5 h6 14. Bxf6 Qxf6 15. Re3 Rfd8 16. Qc2 Bc7 17. c4 Rd7 18. b3 Rad8 19. Ne1 Ne6 20. Nf3 Nc5 21. Ne1 Rd4 22. Nf3 R4d6 23. Rb1 Qe7 24. Ne1 Bc8 25. h3 f6 26. Re2 Ne6 27. Nf3 g6 28. Rd2 Rxd2 29. N1xd2 Bd6 30. Rd1 Bc5 31. Nf1 Nd4 32. Nxd4 Bxd4 33. Nh2 Qc5 34. Rd2 Be6 35. Nf3 Kf7 36. Nxd4 Rxd4 37. Rxd4 Qxd4 38. h4 g5 39. hxg5 hxg5 40. Kh2 Ke7 41. Bf1 Bg4 42. Kg2 Bd1 43. Qb1 g4 44. Bd3 Bf3+ 45. Kf1 Qc3 46. Be2 Bxe2+ 47. Kxe2 0-1

[Event "Deizisau Herbst op 1st"]
[Site "Deizisau"]
[Date "2006.11.01"]
[Round "6"]
[White "Jurasin, Marin"]
[Black "Behm, Simon"]
[Result "1-0"]
[WhiteElo "2112"]
[BlackElo "2210"]
[PlyCount "65"]
[EventDate "2006.10.29"]
[EventType "swiss"]
[EventRounds "7"]
[EventCountry "GER"]
[SourceTitle "EXT 2022"]
[Source "ChessBase"]
[SourceDate "2021.10.06"]
[SourceVersion "1"]
[SourceVersionDate "2021.10.06"]
[SourceQuality "1"]

1. c4 c6 2. d4 d5 3. Nc3 Nf6 4. e3 a6 5. Nf3 b5 6. cxd5 cxd5 7. Bd3 e6 8. 0-0 Bb7 9. Bd2 Bd6 10. Qe2 Nbd7 11. Rfc1 0-0 12. Be1 Qb8 13. g3 Qa7 14. Nd2 e5 15. Nb3 Rfe8 16. Qf1 Nb6 17. dxe5 Bxe5 18. Na5 d4 19. exd4 Bxd4 20. Rc2 Rac8 21. Rd1 b4 22. Nxb7 Qxb7 23. Bxa6 Qf3 24. Bxc8 bxc3 25. Rxd4 cxb2 26. Rxb2 Nxc8 27. Rf4 Qc6 28. Bd2 Nd5 29. Rd4 Ncb6 30. Qb5 Qe6 31. Ba5 Rc8 32. Re2 Rc1+ 33. Kg2 1-0

[Event "Stuttgart-chA int"]
[Site "Ditzingen"]
[Date "2006.05.27"]
[Round "6"]
[White "Erben, Larissa"]
[Black "Jurasin, Marin"]
[Result "0-1"]
[WhiteElo "1868"]
[BlackElo "2161"]
[PlyCount "94"]
[EventDate "2006.05.25"]
[EventType "swiss"]
[EventRounds "7"]
[EventCountry "GER"]
[SourceTitle "EXT 2018"]
[Source "ChessBase"]
[SourceDate "2017.10.13"]
[SourceVersion "1"]
[SourceVersionDate "2017.10.13"]
[SourceQuality "1"]

1. e4 g6 2. Nf3 Bg7 3. Bc4 c6 4. Nc3 e6 5. d4 d5 6. Bb3 Nd7 7. 0-0 h6 8. Re1 Ne7 9. exd5 cxd5 10. Bf4 0-0 11. Nb5 Nc6 12. Bd6 Nf6 13. Bxf8 Bxf8 14. Nc3 Rb8 15. Qd2 b5 16. Ne5 Qc7 17. a4 a6 18. axb5 axb5 19. Qd3 Qb6 20. Qf3 Kg7 21. Nxc6 Qxc6 22. Qd3 Bd6 23. f3 Bc7 24. Ne2 Qd6 25. Ng3 h5 26. c3 b4 27. Rab1 bxc3 28. Qxc3 h4 29. Nf1 Ba6 30. Rec1 Ne8 31. g3 Bxf1 32. Rxf1 hxg3 33. f4 gxh2+ 34. Kxh2 Nf6 35. Kg2 Ne4 36. Qe3 Qb4 37. Bc2 Nd2 38. b3 Nxb1 39. Rxb1 Rc8 40. Bd3 Bd6 41. Qf2 Qc3 42. Bb5 Rh8 43. Kg1 Qh3 44. Qg2 Qe3+ 45. Kf1 Qxf4+ 46. Kg1 Qe3+ 47. Kf1 Rh2 0-1

[Event "Stuttgart-chA int"]
[Site "Ditzingen"]
[Date "2006.05.26"]
[Round "3"]
[White "Ivanov, Mikhail M"]
[Black "Jurasin, Marin"]
[Result "1-0"]
[WhiteElo "2443"]
[BlackElo "2161"]
[PlyCount "85"]
[EventDate "2006.05.25"]
[EventType "swiss"]
[EventRounds "7"]
[EventCountry "GER"]
[SourceTitle "EXT 2018"]
[Source "ChessBase"]
[SourceDate "2017.10.13"]
[SourceVersion "1"]
[SourceVersionDate "2017.10.13"]
[SourceQuality "1"]

1. d4 Nf6 2. c4 b6 3. Nc3 Bb7 4. d5 e6 5. a3 exd5 6. cxd5 g6 7. g3 Bg7 8. Bg2 0-0 9. Nh3 d6 10. 0-0 Nbd7 11. Nf4 Re8 12. Nd3 a6 13. Bg5 h6 14. Bd2 b5 15. Nb4 Nc5 16. Qc2 a5 17. Nc6 Bxc6 18. dxc6 a4 19. Rad1 Rb8 20. e3 Re7 21. Na2 Qe8 22. Nb4 Kh7 23. Bc3 Nce4 24. Bd4 Qc8 25. f3 Nc5 26. Bxc5 dxc5 27. Qxc5 Qe8 28. e4 Re6 29. Qc2 Bf8 30. Rc1 Bxb4 31. axb4 Rb6 32. Qe2 Rbxc6 33. Rce1 Rc4 34. e5 Nd7 35. f4 Nb6 36. f5 gxf5 37. Rxf5 Qd7 38. Ref1 Re7 39. Qh5 Kg7 40. Rf6 Qd4+ 41. Kh1 Qxe5 42. Qxh6+ Kg8 43. Rg6+ 1-0

[Event "Boeblingen op 22nd"]
[Site "Boeblingen"]
[Date "2005.12.28"]
[Round "5"]
[White "Gheng, Josef"]
[Black "Jurasin, Marin"]
[Result "1-0"]
[WhiteElo "2341"]
[BlackElo "2173"]
[PlyCount "73"]
[EventDate "2005.12.26"]
[EventType "swiss"]
[EventRounds "9"]
[EventCountry "GER"]
[SourceTitle "CBM 110 Extra"]
[Source "ChessBase"]
[SourceDate "2006.03.10"]
[SourceVersion "2"]
[SourceVersionDate "2006.03.10"]
[SourceQuality "1"]

1. e4 g6 2. d4 Bg7 3. Nc3 d6 4. Be3 c6 5. Qd2 Nf6 6. f3 b5 7. Nge2 0-0 8. g4 b4 9. Nd1 a5 10. Nf2 Ba6 11. h4 e5 12. dxe5 dxe5 13. 0-0-0 Qxd2+ 14. Rxd2 Re8 15. Ng3 Bf8 16. g5 Bxf1 17. Rxf1 Nfd7 18. Ng4 Kg7 19. Rfd1 Nc5 20. Nxe5 Ne6 21. Ng4 c5 22. h5 Nc6 23. hxg6 hxg6 24. Nf6 Red8 25. Rh1 Be7 26. Rh7+ Kf8 27. Nd7+ Ke8 28. Rh8+ Bf8 29. Nxf8 Nxf8 30. Bxc5 Ne7 31. Rd5 Rxd5 32. exd5 Rc8 33. Ne4 Rxc5 34. Nf6+ Kd8 35. Rxf8+ Kc7 36. Rxf7 Kd8 37. d6 1-0

[Event "Stuttgart-chA int"]
[Site "Ditzingen"]
[Date "2005.05.07"]
[Round "6"]
[White "Jurasin, Marin"]
[Black "Gruenert, Thomas"]
[Result "1-0"]
[WhiteElo "2186"]
[BlackElo "2073"]
[PlyCount "49"]
[EventDate "2005.05.05"]
[EventType "swiss"]
[EventRounds "7"]
[EventCountry "GER"]
[SourceTitle "EXT 2018"]
[Source "ChessBase"]
[SourceDate "2017.10.13"]
[SourceVersion "1"]
[SourceVersionDate "2017.10.13"]
[SourceQuality "1"]

1. Nf3 d5 2. c4 e6 3. d4 c6 4. Nc3 Nf6 5. Bg5 Bb4 6. Qb3 Bxc3+ 7. bxc3 h6 8. Bh4 g5 9. Bg3 Nbd7 10. e3 Ne4 11. Bd3 f5 12. Bxe4 fxe4 13. Ne5 0-0 14. 0-0 h5 15. f3 h4 16. Nxd7 hxg3 17. Nxf8 gxh2+ 18. Kh1 Qxf8 19. fxe4 Qe7 20. e5 dxc4 21. Qxc4 b5 22. Qd3 Bb7 23. Qg6+ Qg7 24. Qxe6+ Kh8 25. Rf6 1-0